00477nam a2200181Ia 450000500170000000800410001702000150005808200150007324500560008825000090014426000370015330000130019065000100020365000120021365000110022570000310023670000280026720240531053959.0240331s9999 xx 000 0 und d a8188965081 a303.6bPEA 0aPeace work :bwomen, armed conflict and negotiation a1 st aNew DelhibWomen Unlimitedc2004 a278 p ., aWomem aSociety aGender aCoomaraswamy, Radhikaeedt aFonseka, Dilrukshieedt